Beware the masher: sexual harassment in American public places, 1880 - 1930
| 1. VerfasserIn: | |
|---|---|
| Medienart: | Druck Buch |
| Sprache: | Englisch |
| Veröffentlicht: |
Jefferson, NC
McFarland
2014
|
| In: | Jahr: 2014 |
| Online-Zugang: |
Inhaltsverzeichnis Klappentext (Verlag) |
| Bestand in Tübingen: | In Tübingen vorhanden. UB: KB 9 E 2555 |
| Verfügbarkeit prüfen: | HBZ Gateway |
| Subito Bestelldienst: | Jetzt bestellen. |
| Schlagwörter: |
MARC
| LEADER | 00000cam a2200000 c 4500 | ||
|---|---|---|---|
| 001 | 1610745345 | ||
| 003 | DE-627 | ||
| 005 | 20240509192427.0 | ||
| 007 | tu | ||
| 008 | 140902s2014 xxu||||| 00| ||eng c | ||
| 020 | |a 9780786479276 |9 978-0-7864-7927-6 | ||
| 035 | |a (DE-627)1610745345 | ||
| 035 | |a (DE-576)413902692 | ||
| 035 | |a (DE-599)BSZ413902692 | ||
| 035 | |a (OCoLC)891744088 | ||
| 040 | |a DE-627 |b ger |c DE-627 |e rakwb | ||
| 041 | |a eng | ||
| 044 | |c XD-US | ||
| 084 | |a 2,1 |2 ssgn | ||
| 100 | 1 | |a Segrave, Kerry |d 1944- |0 (DE-588)135542766 |0 (DE-627)566681692 |0 (DE-576)166816132 |4 aut | |
| 109 | |a Segrave, Kerry 1944- | ||
| 245 | 1 | 0 | |a Beware the masher |b sexual harassment in American public places, 1880 - 1930 |c Kerry Segrave |
| 264 | 1 | |a Jefferson, NC |b McFarland |c 2014 | |
| 300 | |a V, 232 S. |b Ill. | ||
| 336 | |a Text |b txt |2 rdacontent | ||
| 337 | |a ohne Hilfsmittel zu benutzen |b n |2 rdamedia | ||
| 338 | |a Band |b nc |2 rdacarrier | ||
| 505 | 8 | |a Includes bibliographical references and index | |
| 583 | 1 | |a Archivierung/Langzeitarchivierung gewährleistet |f SSG |x XA-DE-BW |2 pdager |5 DE-21 | |
| 689 | 0 | 0 | |d g |0 (DE-588)4078704-7 |0 (DE-627)106076612 |0 (DE-576)209209682 |a USA |2 gnd |
| 689 | 0 | 1 | |d s |0 (DE-588)4238118-6 |0 (DE-627)104881747 |0 (DE-576)210410639 |a Sexuelle Belästigung |2 gnd |
| 689 | 0 | 2 | |d s |0 (DE-588)4172385-5 |0 (DE-627)105387606 |0 (DE-576)209943130 |a Öffentlicher Raum |2 gnd |
| 689 | 0 | 3 | |a z |2 gnd |a Geschichte 1880-1930 |
| 689 | 0 | |5 (DE-627) | |
| 776 | 1 | |z 9781476614618 | |
| 856 | 4 | 2 | |u https://swbplus.bsz-bw.de/bsz413902692kla.htm |m B:DE-576;DE-21 |q application/pdf |v 20141017121321 |x Verlag |3 Klappentext |7 1 |
| 856 | 4 | 2 | |u https://swbplus.bsz-bw.de/bsz413902692inh.htm |m B:DE-576;DE-21 |q application/pdf |v 20141017121321 |x Verlag |3 Inhaltsverzeichnis |7 1 |
| 951 | |a BO | ||
| ELC | |b 1 | ||
| LOK | |0 000 xxxxxcx a22 zn 4500 | ||
| LOK | |0 001 3154098194 | ||
| LOK | |0 003 DE-627 | ||
| LOK | |0 004 1610745345 | ||
| LOK | |0 005 20141013153635 | ||
| LOK | |0 008 140902||||||||||||||||ger||||||| | ||
| LOK | |0 040 |a DE-21 |c DE-627 |d DE-21 | ||
| LOK | |0 852 |a DE-21 | ||
| LOK | |0 852 1 |c KB 9 E 2555 |9 00 | ||
| LOK | |0 935 |a krim | ||
| LOK | |0 936ln |a k10.14 | ||
| LOK | |0 938 |a 1410 |f 34 | ||
| LOK | |0 939 |a 02-09-14 |b l01 | ||
| LOK | |0 000 xxxxxcx a22 zn 4500 | ||
| LOK | |0 001 3154098283 | ||
| LOK | |0 003 DE-627 | ||
| LOK | |0 004 1610745345 | ||
| LOK | |0 005 20150225152738 | ||
| LOK | |0 008 150114||||||||||||||||ger||||||| | ||
| LOK | |0 040 |a DE-Frei85 |c DE-627 |d DE-Frei85 | ||
| LOK | |0 852 |a DE-Frei85 | ||
| LOK | |0 852 1 |m p |9 00 | ||
| LOK | |0 938 |k p | ||
| LOK | |0 939 |a 14-01-15 |b l01 | ||
| ORI | |a SA-MARC-krimdoka001.raw | ||
| SIG | |a UB: KB 9 E 2555 | ||
| TIM | |a 100018800101_100019301231 |b Geschichte 1880-1930 | ||
